000 00572nam a2200205 a 4500
001 3262
005 20140414131928.0
008 060215s19uu xx 00 eng d
020 _a0-7214-0746-3
050 _aER
_bT66 1985
100 _aMcKie, Anne
245 _aTown mouse and the country mouse (The) /
_cby Anne McKie ; illustrated by Ken McKie.
260 _aLeicesterashire, U.K :
_bLadybird Books,
_c1985.
300 _a51 p. : ill. ; cm.
440 _aWell-Loved Tales
650 _aMice
_xFiction.
999 _c112113
_d112113